Riconosci il Pokémon - Quiz n°986 - Statistics

Statistiche generali
  • Questo quiz è stato fatto 2 volte
  • Il punteggio medio è 10 su 10
Statistiche sulle risposte
Indizio Risposta % Corretto
Altezza 2,3 m
100%
Tasso di cattura 45 (11.9%)
100%
Sesso 87.5% ♂, 12.5% ♀
100%
Peso 88,8 kg
100%
Tipo Acqua
100%
Abilità Acquaiuto; Forzabruta
100%
Pokémon Feraligatr
100%
Tasso di allevamento Medio-Lento
100%
Generazione Seconda
100%
Stadio evoluzione Seconda evoluzione
100%
Nessun quiz corrispondente trovato
Distribuzione punteggi
Percentuale di utenti per punteggio
Percentile per numero di risposta
I tuoi punteggi nel tempo
Non hai fatto questo quiz